all countries with aircraft carries - Statistics

General Stats
  • This quiz has been taken 16 times
  • The average score is 12 of 14
Answer Stats
Hint Answer % Correct
China
100%
France
100%
Russia
100%
Spain
100%
Uk
100%
aircraft carrier Usa
100%
Italy
94%
Japan
94%
helicopter carrier Australia
88%
India
88%
South korea
88%
Turkey
75%
Egypt
50%
Thailand
44%
No matching quizzes found
Score Distribution
Percent of People with Each Score
Percentile by Number Answered
Your Score History
You have not taken this quiz